00000000cam 2200000zi 4500
0019.955925
003CaOODSP
00520260529075129
006m     o  d f      
007cr cn ||||||||
008251002t20252025onca    o    f000 0 eng d
020 |a9780660791777
040 |aCaOODSP|beng|erda|cCaOODSP
043 |an-cn---
0861 |aNR16-495/2025E-PDF
24500|aCanadian Photonics Fabrication Centre (CPFC).
264 1|a[Ottawa] : |bNational Research Council Canada = Conseil national de recherches Canada, |c[2025]
264 4|c©2025
300 |a1 online resource (1 unnumbered page) : |billustrations
336 |atext|btxt|2rdacontent
337 |acomputer|bc|2rdamedia
338 |aonline resource|bcr|2rdacarrier
500 |aCaption title.
500 |aIssued also in French under title: Centre de fabrication pour la photonique du Canada (CFPC).
520 |a"Transforming compound semiconductor materials into devices that generate, manipulate and detect photons"--Page [1].
650 0|aPhotonics.
650 0|aPhotons.
650 0|aResearch, Industrial|zCanada|xLaboratories.
7102 |aNational Research Council Canada, |eissuing body.
77508|tCentre de fabrication pour la photonique du Canada (CFPC).|w(CaOODSP)9.955926
85640|qPDF|s536 KB|uhttps://publications.gc.ca/collections/collection_2026/cnrc-nrc/NR16-495-2025-eng.pdf